[Event "La Roda op"]
[Site "La Roda ESP"]
[Date "2004.04.08"]
[Round "2"]
[White "Tyomkin, Dimitri"]
[Black "Mascarell Canet, Ricardo"]
[Result "1-0"]
[WhiteElo "2503"]
[BlackElo "2125"]
[PlyCount "39"]
[GameId "2129405128340333"]
[EventDate "2004.04.07"]
[EventType "swiss"]
[EventRounds "9"]
[EventCountry "ESP"]
[SourceTitle "CBM 099 ext"]
[Source "ChessBase"]
[SourceDate "2004.05.04"]
[SourceVersion "1"]
[SourceVersionDate "2004.05.04"]
[SourceQuality "1"]

1. e4 c5 2. Nf3 d6 3. d4 cxd4 4. Nxd4 Nf6 5. Nc3 e6 6. Be2 Be7 7. Be3 a6 8. O-O b5 9. Bf3 b4 10. Na4 Bb7 11. e5 Nd5 12. Bxd5 Bxd5 13. Nf5 g6 14. Nxe7 Qxe7 15. exd6 Qb7 16. Qd4 Rg8 17. Qf6 Qd7 18. Nb6 Qxd6 19. Rad1 Nd7 20. Rxd5 1-0

[Event "La Roda op"]
[Site "La Roda ESP"]
[Date "2004.04.08"]
[Round "3"]
[White "Ibarra Jerez, Jose Carlos"]
[Black "Tyomkin, Dimitri"]
[Result "1/2-1/2"]
[WhiteElo "2427"]
[BlackElo "2503"]
[PlyCount "41"]
[GameId "2129405128340343"]
[EventDate "2004.04.07"]
[EventType "swiss"]
[EventRounds "9"]
[EventCountry "ESP"]
[SourceTitle "CBM 099 ext"]
[Source "ChessBase"]
[SourceDate "2004.05.04"]
[SourceVersion "1"]
[SourceVersionDate "2004.05.04"]
[SourceQuality "1"]

1. e4 c5 2. Nf3 Nc6 3. d4 cxd4 4. Nxd4 Nf6 5. Nc3 d6 6. Bg5 e6 7. Qd2 Be7 8. O-O-O a6 9. f3 Nxd4 10. Qxd4 O-O 11. h4 Qc7 12. Kb1 b5 13. Qd2 b4 14. Ne2 Rb8 15. Nd4 a5 16. Nb5 Qc5 17. Be3 Qc6 18. Nd4 Qc7 19. Nb5 Qc6 20. Nd4 Qc7 21. Nb5 1/2-1/2

[Event "La Roda op"]
[Site "La Roda ESP"]
[Date "2004.04.10"]
[Round "6"]
[White "Tyomkin, Dimitri"]
[Black "Garcia Fernandez, Carlos"]
[Result "1/2-1/2"]
[WhiteElo "2503"]
[BlackElo "2358"]
[PlyCount "47"]
[GameId "2129405128340413"]
[EventDate "2004.04.07"]
[EventType "swiss"]
[EventRounds "9"]
[EventCountry "ESP"]
[SourceTitle "CBM 099 ext"]
[Source "ChessBase"]
[SourceDate "2004.05.04"]
[SourceVersion "1"]
[SourceVersionDate "2004.05.04"]
[SourceQuality "1"]

1. e4 d6 2. d4 Nf6 3. Nc3 e5 4. Nf3 Nbd7 5. Bc4 Be7 6. O-O O-O 7. Re1 c6 8. a4 b6 9. b3 a6 10. Bb2 Bb7 11. Bd3 Re8 12. Ne2 Bf8 13. Ng3 g6 14. c3 Qc7 15. h3 Rac8 16. Qb1 Bg7 17. Ra2 d5 18. dxe5 Nxe4 19. Nxe4 dxe4 20. Bxe4 Nxe5 21. Nxe5 Bxe5 22. c4 Bxb2 23. Rxb2 c5 24. Rbe2 1/2-1/2

[Event "La Roda op"]
[Site "La Roda ESP"]
[Date "2004.04.10"]
[Round "7"]
[White "Navarro Ortiz de Orruno, Borja"]
[Black "Tyomkin, Dimitri"]
[Result "1/2-1/2"]
[WhiteElo "2187"]
[BlackElo "2503"]
[PlyCount "61"]
[GameId "2129405128340430"]
[EventDate "2004.04.07"]
[EventType "swiss"]
[EventRounds "9"]
[EventCountry "ESP"]
[SourceTitle "CBM 099 ext"]
[Source "ChessBase"]
[SourceDate "2004.05.04"]
[SourceVersion "1"]
[SourceVersionDate "2004.05.04"]
[SourceQuality "1"]

1. d4 Nf6 2. c4 c6 3. Nf3 d5 4. Nc3 a6 5. cxd5 cxd5 6. Ne5 e6 7. Bg5 Be7 8. e3 Nfd7 9. Bxe7 Qxe7 10. Nxd7 Bxd7 11. Bd3 O-O 12. O-O Nc6 13. Rc1 b5 14. Qd2 Rfc8 15. Ne2 Qd8 16. b3 b4 17. Rc5 Qb6 18. Rfc1 Na7 19. Nf4 a5 20. Qe2 Rxc5 21. Rxc5 Rc8 22. Rxc8+ Bxc8 23. Qh5 h6 24. g4 Ba6 25. Bxa6 Qxa6 26. g5 hxg5 27. Qxg5 Qd6 28. Nh5 g6 29. Nf6+ Kf8 30. Qh6+ Ke7 31. Qg5 1/2-1/2

[Event "La Roda op"]
[Site "La Roda ESP"]
[Date "2004.04.11"]
[Round "8"]
[White "Tyomkin, Dimitri"]
[Black "Larios Crespo, Manuel"]
[Result "1-0"]
[WhiteElo "2503"]
[BlackElo "2177"]
[PlyCount "85"]
[GameId "2129405128340452"]
[EventDate "2004.04.07"]
[EventType "swiss"]
[EventRounds "9"]
[EventCountry "ESP"]
[SourceTitle "CBM 099 ext"]
[Source "ChessBase"]
[SourceDate "2004.05.04"]
[SourceVersion "1"]
[SourceVersionDate "2004.05.04"]
[SourceQuality "1"]

1. e4 c5 2. Nc3 Nc6 3. Nf3 g6 4. Bb5 Bg7 5. Bxc6 bxc6 6. O-O d6 7. h3 Nh6 8. d3 O-O 9. Be3 f6 10. Nd2 Nf7 11. Rb1 Qc7 12. Ne2 Rb8 13. b3 Nd8 14. f4 f5 15. Ng3 fxe4 16. Ndxe4 Ne6 17. f5 Nd4 18. fxg6 Rxf1+ 19. Qxf1 hxg6 20. Ng5 Nf5 21. Nxf5 gxf5 22. Qf3 e5 23. Qh5 Bf8 24. Rf1 Qg7 25. h4 Bd7 26. Bd2 Be7 27. Nh3 Rf8 28. Bg5 f4 29. Bxe7 Qxe7 30. Ng5 Qg7 31. g3 Rf6 32. Qf3 Qg6 33. Rf2 Kg7 34. Rg2 d5 35. gxf4 Rxf4 36. Ne6+ Bxe6 37. Rxg6+ Kxg6 38. Qe3 Kf5 39. Qxc5 d4 40. Qxc6 Rg4+ 41. Kf2 Rxh4 42. Ke1 Rh2 43. Qf3+ 1-0

[Event "La Roda op"]
[Site "La Roda ESP"]
[Date "2004.04.11"]
[Round "9"]
[White "Inoli, Tashini"]
[Black "Tyomkin, Dimitri"]
[Result "0-1"]
[WhiteElo "2462"]
[BlackElo "2503"]
[PlyCount "66"]
[GameId "2129405128340460"]
[EventDate "2004.04.07"]
[EventType "swiss"]
[EventRounds "9"]
[EventCountry "ESP"]
[SourceTitle "CBM 099 ext"]
[Source "ChessBase"]
[SourceDate "2004.05.04"]
[SourceVersion "1"]
[SourceVersionDate "2004.05.04"]
[SourceQuality "1"]

1. d4 Nf6 2. c4 g6 3. Nc3 d5 4. Nf3 Bg7 5. Bf4 O-O 6. Rc1 dxc4 7. e4 Bg4 8. Bxc4 Nh5 9. Be3 Bxf3 10. gxf3 e5 11. dxe5 Qh4 12. Ne2 Nc6 13. f4 g5 14. Rg1 gxf4 15. Nxf4 Nxf4 16. Rg4 Qxh2 17. Bxf4 Qh1+ 18. Bf1 Rad8 19. Rxg7+ Kxg7 20. Qg4+ Kh8 21. Qf5 f6 22. Rxc6 Rd1+ 23. Kxd1 Qxf1+ 24. Kc2 Qxf2+ 25. Bd2 Qxf5 26. exf5 bxc6 27. e6 h5 28. Bf4 h4 29. Kd3 h3 30. Ke4 Kg7 31. Kf3 Rb8 32. b3 Rb5 33. Kg4 Rb4 0-1

[Event "ISR-Tch"]
[Site "ISR"]
[Date "2004.04.16"]
[Round "8"]
[White "Kaspi, Alexander"]
[Black "Tyomkin, Dimitri"]
[Result "0-1"]
[WhiteElo "2411"]
[BlackElo "2503"]
[PlyCount "98"]
[GameId "2129405129834209"]
[EventDate "2004.01.03"]
[EventType "team"]
[EventRounds "11"]
[EventCountry "ISR"]
[SourceTitle "CBM 101"]
[Source "ChessBase"]
[SourceDate "2004.07.27"]
[SourceVersion "1"]
[SourceVersionDate "2004.07.27"]
[SourceQuality "1"]

1. d4 Nf6 2. c4 g6 3. Nc3 d5 4. cxd5 Nxd5 5. e4 Nxc3 6. bxc3 Bg7 7. Bc4 c5 8. Ne2 O-O 9. O-O Nc6 10. Be3 Bd7 11. Rb1 a6 12. d5 Na5 13. Bd3 Rc8 14. Qd2 e6 15. c4 b5 16. Nc3 bxc4 17. Be2 exd5 18. exd5 Bf5 19. Rbc1 Re8 20. Rfd1 Qd7 21. h3 h5 22. Bf1 Kh7 23. Qb2 Nb7 24. Bxc4 Nd6 25. Bxa6 Ra8 26. Qe2 Bxh3 27. gxh3 Qxh3 28. Qf1 Rxe3 29. fxe3 Qxe3+ 30. Qf2 Bd4 31. Qxe3 Bxe3+ 32. Kg2 Bxc1 33. Rxc1 Rxa6 34. a4 Kg7 35. Kf3 Kf6 36. Nb5 Nxb5 37. axb5 Ra3+ 38. Ke4 Ra4+ 39. Ke3 Ke5 40. Rxc5 Ra3+ 41. Ke2 Kd6 42. Rc6+ Kxd5 43. Rf6 Rb3 44. Rxf7 Rxb5 45. Rf6 g5 46. Rh6 h4 47. Kf3 Rb4 48. Rg6 Rf4+ 49. Kg2 Rg4+ 0-1

[Event "Israel Int op"]
[Site "Ashdod ISR"]
[Date "2003.10.14"]
[Round "4"]
[White "Tyomkin, Dimitri"]
[Black "Mikhalevski, Victor"]
[Result "0-1"]
[WhiteElo "2476"]
[BlackElo "2548"]
[PlyCount "106"]
[GameId "2129405132165028"]
[EventDate "2003.10.04"]
[EventType "swiss"]
[EventRounds "9"]
[EventCountry "ISR"]
[SourceTitle "The Week in Chess 467"]
[Source "Mark Crowther"]
[SourceDate "2003.10.20"]
[SourceVersion "1"]
[SourceVersionDate "2003.10.20"]
[SourceQuality "2"]

1. e4 e5 2. Bc4 Bc5 3. Nf3 Nc6 4. O-O Nf6 5. d4 Bxd4 6. Nxd4 Nxd4 7. Bg5 d6 8. f4 Be6 9. Nd2 h6 10. fxe5 dxe5 11. Bxf6 gxf6 12. c3 Qd6 13. Kh1 Nc6 14. Rxf6 O-O-O 15. Bxe6+ fxe6 16. Rf2 Ne7 17. Qh5 Qb6 18. Raf1 Qxb2 19. Qxe5 Qxa2 20. Nf3 Qc4 21. Nd4 Nc6 22. Qxe6+ Qxe6 23. Nxe6 Rd6 24. Nf4 Re8 25. Re2 Ne5 26. h3 a5 27. Nh5 a4 28. Ng7 Red8 29. Rf5 Nc4 30. e5 Rg6 31. Rf7 a3 32. e6 Nd6 33. Nf5 Rxe6 34. Nxd6+ Rdxd6 35. Ra2 Ra6 36. c4 Rec6 37. Rf4 Ra4 38. g4 Raxc4 39. Rxc4 Rxc4 40. Rxa3 b5 41. Kg2 b4 42. Ra5 c6 43. Kf3 Rc3+ 44. Ke4 Rxh3 45. Kd4 Rc3 46. Rh5 Rc1 47. Rxh6 b3 48. Rh2 c5+ 49. Kd5 c4 50. g5 c3 51. g6 Rg1 52. Rh8+ Kc7 53. Rh3 b2 0-1

[Event "Israel Int op"]
[Site "Ashdod ISR"]
[Date "2003.10.15"]
[Round "6"]
[White "Tyomkin, Dimitri"]
[Black "Zagrebelny, Sergey"]
[Result "1/2-1/2"]
[WhiteElo "2476"]
[BlackElo "2524"]
[PlyCount "55"]
[GameId "2129405132165047"]
[EventDate "2003.10.04"]
[EventType "swiss"]
[EventRounds "9"]
[EventCountry "ISR"]
[SourceTitle "The Week in Chess 467"]
[Source "Mark Crowther"]
[SourceDate "2003.10.20"]
[SourceVersion "1"]
[SourceVersionDate "2003.10.20"]
[SourceQuality "2"]

1. e4 c5 2. Nf3 d6 3. Bb5+ Nd7 4. d4 Ngf6 5. O-O a6 6. Bxd7+ Nxd7 7. Nc3 cxd4 8. Qxd4 e6 9. a4 Qb6 10. Qd3 Be7 11. a5 Qc7 12. Be3 O-O 13. Na4 Nf6 14. Nb6 Rb8 15. c4 Bd7 16. Rfe1 Bc6 17. Bf4 Rbd8 18. Rad1 Nh5 19. Bd2 h6 20. h3 Rfe8 21. b3 Nf6 22. Bf4 Nh5 23. Bh2 e5 24. Qb1 Nf6 25. b4 Bf8 26. Nd2 g6 27. Nf1 h5 28. Bg3 1/2-1/2

[Event "Tarragona op"]
[Site "Tarragona ESP"]
[Date "2003.09.04"]
[Round "2"]
[White "Moreno, Carlos"]
[Black "Tyomkin, Dimitri"]
[Result "0-1"]
[WhiteElo "2060"]
[BlackElo "2471"]
[PlyCount "133"]
[GameId "2129405133161301"]
[EventDate "2003.09.03"]
[EventType "swiss"]
[EventRounds "7"]
[EventCountry "ESP"]
[SourceTitle "LesEchecs.com"]
[Source "LesEchecs.com"]
[SourceDate "2003.03.18"]
[SourceVersion "1"]
[SourceVersionDate "2003.01.01"]
[SourceQuality "1"]

1. e4 c5 2. Nf3 Nc6 3. d4 cxd4 4. Nxd4 Nf6 5. Nc3 d6 6. Bg5 e6 7. f4 h6 8. Bh4 Be7 9. Bf2 O-O 10. Be2 Nxd4 11. Bxd4 e5 12. fxe5 dxe5 13. Bf2 Qa5 14. O-O Qb4 15. a3 Qa5 16. Nd5 Qd8 17. Nxf6+ Bxf6 18. Bc5 Be7 19. Be3 Qc7 20. Bd3 Bc5 21. Bxc5 Qxc5+ 22. Kh1 Be6 23. Qe2 Rac8 24. Qf2 Rfd8 25. Qf3 f6 26. b3 Kh7 27. a4 Rd4 28. Rae1 Qd6 29. Re3 Rc3 30. Rb1 Qc7 31. h3 Qf7 32. Qf2 Rc7 33. Kh2 Rcd7 34. Rf3 a6 35. Kg1 Qh5 36. Re3 Qe8 37. Kh2 Qe7 38. Qe2 Qa3 39. Qe1 Bf7 40. Ra1 Qd6 41. Rb1 f5 42. Rf3 f4 43. Rxf4 Rxd3 44. Rxf7 Rxf7 45. cxd3 Qxd3 46. Rd1 Qxb3 47. a5 Qc2 48. Rc1 Qb2 49. Rb1 Qa2 50. Ra1 Qe6 51. Rb1 Qf6 52. Rb6 Qf4+ 53. Kg1 Rc7 54. Rb1 Rc4 55. Qe2 Qxe4 56. Qxe4+ Rxe4 57. Rxb7 Ra4 58. h4 Rxa5 59. Kf2 h5 60. g3 Kg6 61. Kf3 Ra3+ 62. Kf2 Kf6 63. Rb8 e4 64. Re8 Kf5 65. Rf8+ Kg4 66. Rf4+ Kh3 67. Rf5 0-1

[Event "Tarragona op"]
[Site "Tarragona ESP"]
[Date "2003.09.06"]
[Round "4"]
[White "Teske, Henrik"]
[Black "Tyomkin, Dimitri"]
[Result "1/2-1/2"]
[WhiteElo "2527"]
[BlackElo "2471"]
[PlyCount "63"]
[GameId "2129405133165455"]
[EventDate "2003.09.03"]
[EventType "swiss"]
[EventRounds "7"]
[EventCountry "ESP"]
[SourceTitle "LesEchecs.com"]
[Source "LesEchecs.com"]
[SourceDate "2003.03.18"]
[SourceVersion "1"]
[SourceVersionDate "2003.01.01"]
[SourceQuality "1"]

1. Nf3 Nf6 2. c4 g6 3. Nc3 d5 4. cxd5 Nxd5 5. g3 Bg7 6. Bg2 O-O 7. O-O Nb6 8. d3 Nc6 9. Be3 e5 10. Rc1 Nd4 11. Qd2 Re8 12. Bh6 Nxf3+ 13. Bxf3 c6 14. Bxg7 Kxg7 15. Rfd1 Be6 16. b4 a6 17. Qb2 f6 18. a4 Qe7 19. a5 Nd7 20. e3 Rad8 21. Bg2 Bg4 22. Rd2 Qe6 23. Ne4 Bf5 24. Rcd1 Bg4 25. Rc1 Bf5 26. d4 Bxe4 27. Bxe4 exd4 28. Rxd4 Ne5 29. Rcd1 Rxd4 30. Rxd4 Nf7 31. Qd2 Qe7 32. h4 1/2-1/2

[Event "Tarragona op"]
[Site "Tarragona ESP"]
[Date "2003.09.08"]
[Round "7"]
[White "Tyomkin, Dimitri"]
[Black "Aleksieva, Silvia"]
[Result "1/2-1/2"]
[WhiteElo "2471"]
[BlackElo "2352"]
[PlyCount "115"]
[GameId "2129405133165529"]
[EventDate "2003.09.03"]
[EventType "swiss"]
[EventRounds "7"]
[EventCountry "ESP"]
[SourceTitle "LesEchecs.com"]
[Source "LesEchecs.com"]
[SourceDate "2003.03.18"]
[SourceVersion "1"]
[SourceVersionDate "2003.01.01"]
[SourceQuality "1"]

1. e4 d5 2. exd5 Qxd5 3. Nf3 Nf6 4. Be2 c6 5. d4 Bf5 6. O-O e6 7. c4 Qd8 8. Nc3 Be7 9. Nh4 Bg6 10. Nxg6 hxg6 11. h3 Nbd7 12. d5 exd5 13. cxd5 cxd5 14. Nxd5 Nxd5 15. Qxd5 Nc5 16. Bb5+ Kf8 17. Qf3 Rh5 18. Bc4 Rf5 19. Qe2 Rc8 20. Re1 Bf6 21. Be3 Na4 22. Rad1 Qe7 23. Bb5 Nxb2 24. Rc1 Qd8 25. Bb6 Rxc1 26. Bxd8 Rxe1+ 27. Qxe1 Rxb5 28. Bc7 Nc4 29. Qe4 Ne5 30. Bd6+ Kg8 31. f4 Nc6 32. Qe8+ Kh7 33. Qxf7 Nd4 34. Be5 Bxe5 35. fxe5 Rxe5 36. Qxb7 a5 37. Qc7 Rf5 38. Qd8 Ne6 39. Qd7 Nf4 40. Kh2 Nd5 41. Qd8 Nf6 42. Qd3 Rd5 43. Qe3 Rh5 44. Kg1 Rb5 45. Qe2 Rf5 46. Qc4 Rd5 47. Kf2 Kh8 48. Ke3 Kh7 49. Qc8 Rg5 50. g4 Rd5 51. h4 Rb5 52. Kf3 Rb4 53. h5 Rxg4 54. hxg6+ Kxg6 55. Qc2+ Kh6 56. Qh2+ Kg6 57. Qc2+ Kh6 58. Qd2+ 1/2-1/2

[Event "ISR-Tch"]
[Site "ISR"]
[Date "2003.03.08"]
[Round "5"]
[White "Finkel, Alexander"]
[Black "Tyomkin, Dimitri"]
[Result "1/2-1/2"]
[WhiteElo "2479"]
[BlackElo "2492"]
[PlyCount "34"]
[GameId "2129405137106621"]
[EventDate "2003.01.??"]
[EventType "team"]
[EventRounds "11"]
[EventCountry "ISR"]
[SourceTitle "EXT 2004"]
[Source "ChessBase"]
[SourceDate "2003.11.25"]
[SourceVersion "1"]
[SourceVersionDate "2003.11.25"]
[SourceQuality "1"]

1. e4 c5 2. Nf3 Nc6 3. Bb5 g6 4. Bxc6 dxc6 5. d3 Bg7 6. Nc3 Nf6 7. h3 O-O 8. Be3 b6 9. Qd2 e5 10. Bh6 Qd6 11. O-O Nh5 12. Bxg7 Kxg7 13. Ne2 f6 14. Nh2 Ba6 15. Qe3 Rf7 16. a4 Nf4 17. Nxf4 exf4 1/2-1/2

[Event "ISR-Tch"]
[Site "ISR"]
[Date "2003.03.21"]
[Round "7"]
[White "Tyomkin, Dimitri"]
[Black "Lev, Ronen"]
[Result "1/2-1/2"]
[WhiteElo "2492"]
[BlackElo "2449"]
[PlyCount "21"]
[GameId "2129405137114879"]
[EventDate "2003.01.??"]
[EventType "team"]
[EventRounds "11"]
[EventCountry "ISR"]
[SourceTitle "EXT 2004"]
[Source "ChessBase"]
[SourceDate "2003.11.25"]
[SourceVersion "1"]
[SourceVersionDate "2003.11.25"]
[SourceQuality "1"]

1. d4 d5 2. c4 dxc4 3. Nf3 c5 4. e3 cxd4 5. Bxc4 Qc7 6. Qc2 e6 7. Nxd4 Nc6 8. Nb5 Qb8 9. O-O Nf6 10. N1c3 Be7 11. Ne4 1/2-1/2

[Event "ISR-Tch"]
[Site "ISR"]
[Date "2003.03.28"]
[Round "8"]
[White "Rozentalis, Eduardas"]
[Black "Tyomkin, Dimitri"]
[Result "1-0"]
[WhiteElo "2585"]
[BlackElo "2492"]
[PlyCount "51"]
[GameId "2129405137114909"]
[EventDate "2003.01.??"]
[EventType "team"]
[EventRounds "11"]
[EventCountry "ISR"]
[SourceTitle "EXT 2004"]
[Source "ChessBase"]
[SourceDate "2003.11.25"]
[SourceVersion "1"]
[SourceVersionDate "2003.11.25"]
[SourceQuality "1"]

1. e4 c5 2. c3 Nf6 3. e5 Nd5 4. Nf3 Nc6 5. Bc4 e6 6. O-O d6 7. d4 cxd4 8. cxd4 Be7 9. Qe2 O-O 10. a3 dxe5 11. dxe5 Qc7 12. Bd3 Rd8 13. h4 b6 14. Bd2 Bb7 15. Nc3 Nxc3 16. Bxc3 Na5 17. Rad1 Rac8 18. Rfe1 g6 19. h5 Qc6 20. hxg6 hxg6 21. Qe3 Kg7 22. Qf4 Nb3 23. Bc2 Nc5 24. Rd6 Qe8 25. Ng5 Bd5 26. Re3 1-0

[Event "Last Autumn GM"]
[Site "Tel Aviv ISR"]
[Date "2002.11.01"]
[Round "1"]
[White "Roiz, Michael"]
[Black "Tyomkin, Dimitri"]
[Result "1/2-1/2"]
[WhiteElo "2512"]
[BlackElo "2492"]
[PlyCount "26"]
[GameId "2129405138943504"]
[EventDate "2002.11.01"]
[EventType "tourn"]
[EventRounds "9"]
[EventCountry "ISR"]
[EventCategory "8"]
[SourceTitle "The Week in Chess 417"]
[Source "Mark Crowther"]
[SourceDate "2002.11.04"]
[SourceVersion "2"]
[SourceVersionDate "2002.11.11"]
[SourceQuality "2"]

1. d4 Nf6 2. c4 g6 3. Nc3 d5 4. cxd5 Nxd5 5. e4 Nxc3 6. bxc3 Bg7 7. Bc4 c5 8. Ne2 cxd4 9. cxd4 Nc6 10. Be3 Qa5+ 11. Bd2 Qd8 12. Be3 Qa5+ 13. Bd2 Qd8 1/2-1/2

[Event "Last Autumn GM"]
[Site "Tel Aviv ISR"]
[Date "2002.11.03"]
[Round "2"]
[White "Tyomkin, Dimitri"]
[Black "Erenburg, Sergey"]
[Result "1/2-1/2"]
[WhiteElo "2492"]
[BlackElo "2494"]
[PlyCount "109"]
[GameId "2129405138943509"]
[EventDate "2002.11.01"]
[EventType "tourn"]
[EventRounds "9"]
[EventCountry "ISR"]
[EventCategory "8"]
[SourceTitle "The Week in Chess 418"]
[Source "Mark Crowther"]
[SourceDate "2002.11.11"]
[SourceVersion "1"]
[SourceVersionDate "2002.11.11"]
[SourceQuality "2"]

1. e4 c6 2. d4 d5 3. e5 Bf5 4. Nf3 e6 5. Be2 Nd7 6. O-O h6 7. b3 Ne7 8. Na3 Ng6 9. c3 Nf4 10. Bxf4 Bxa3 11. Bd3 Bxd3 12. Qxd3 a5 13. Bd2 O-O 14. Ne1 Be7 15. f4 f5 16. Nc2 c5 17. g4 cxd4 18. cxd4 g6 19. Kh1 Kh7 20. Rg1 Qb6 21. gxf5 gxf5 22. Rg3 Qa6 23. Qxa6 Rxa6 24. Rag1 Rf7 25. Rc3 Nb8 26. Rc7 Rc6 27. Bxa5 Ra6 28. Bb4 Rxa2 29. Bxe7 Na6 30. Rxb7 Rxc2 31. Ra1 Nb4 32. Rxb4 Rxe7 33. Rba4 Rf2 34. b4 Rc7 35. Ra7 Rxa7 36. Rxa7+ Kg6 37. b5 Rxf4 38. Ra1 Rxd4 39. Rg1+ Kf7 40. Rb1 Rc4 41. b6 Rc8 42. b7 Rb8 43. Kg2 Ke7 44. Kf3 Kd7 45. Rb6 d4 46. h4 h5 47. Kf4 Ke7 48. Rb4 Ke8 49. Kf3 Ke7 50. Kf4 Ke8 51. Kg5 Ke7 52. Kxh5 d3 53. Kg6 d2 54. Rd4 Rxb7 55. Rxd2 1/2-1/2

[Event "Last Autumn GM"]
[Site "Tel Aviv ISR"]
[Date "2002.11.04"]
[Round "3"]
[White "Gerzhoy, Leonid"]
[Black "Tyomkin, Dimitri"]
[Result "1-0"]
[WhiteElo "2389"]
[BlackElo "2492"]
[PlyCount "74"]
[GameId "2129405138943512"]
[EventDate "2002.11.01"]
[EventType "tourn"]
[EventRounds "9"]
[EventCountry "ISR"]
[EventCategory "8"]
[SourceTitle "The Week in Chess 418"]
[Source "Mark Crowther"]
[SourceDate "2002.11.11"]
[SourceVersion "1"]
[SourceVersionDate "2002.11.11"]
[SourceQuality "2"]

1. Nf3 Nf6 2. c4 g6 3. Nc3 d5 4. Qa4+ Bd7 5. Qb3 dxc4 6. Qxc4 Bg7 7. e4 O-O 8. e5 Ng4 9. d4 Na6 10. Bf4 c5 11. d5 b5 12. Qe2 Nh6 13. Qd2 Nf5 14. Nxb5 Nb4 15. Na3 e6 16. d6 Nd5 17. Nc4 Nxf4 18. Qxf4 Bh6 19. Qe4 Bb5 20. Bd3 Rb8 21. O-O Ba6 22. b3 Rb4 23. Qe2 Bb7 24. Be4 Bd5 25. Qd3 Bxc4 26. bxc4 Nh4 27. Nxh4 Qxh4 28. g3 Qh5 29. f4 g5 30. f5 exf5 31. Rxf5 Rb2 32. Bg2 Qe2 33. Qxe2 Rxe2 34. Bd5 Bg7 35. Raf1 Rxe5 36. Rxf7 Rxf7 37. Bxf7+ Kf8 1-0

[Event "Last Autumn GM"]
[Site "Tel Aviv ISR"]
[Date "2002.11.05"]
[Round "4"]
[White "Tyomkin, Dimitri"]
[Black "Gofshtein, Zvulon"]
[Result "1/2-1/2"]
[WhiteElo "2492"]
[BlackElo "2519"]
[PlyCount "52"]
[GameId "2129405138943519"]
[EventDate "2002.11.01"]
[EventType "tourn"]
[EventRounds "9"]
[EventCountry "ISR"]
[EventCategory "8"]
[SourceTitle "The Week in Chess 418"]
[Source "Mark Crowther"]
[SourceDate "2002.11.11"]
[SourceVersion "1"]
[SourceVersionDate "2002.11.11"]
[SourceQuality "2"]

1. e4 c5 2. c3 d5 3. exd5 Qxd5 4. d4 Nf6 5. Nf3 Bg4 6. Be2 e6 7. h3 Bh5 8. O-O Nc6 9. Be3 cxd4 10. Nxd4 Bxe2 11. Qxe2 Be7 12. Rd1 O-O 13. c4 Nxd4 14. Bxd4 Qc6 15. Nd2 Rfd8 16. Nf3 Qe4 17. Kf1 Qxe2+ 18. Kxe2 Kf8 19. b3 Nd7 20. Rd3 f6 21. Rad1 Ke8 22. Be3 Nc5 23. Rxd8+ Rxd8 24. Rxd8+ Kxd8 25. Nd4 a5 26. f3 Kd7 1/2-1/2

[Event "Last Autumn GM"]
[Site "Tel Aviv ISR"]
[Date "2002.11.06"]
[Round "5"]
[White "Bykhovsky, Avigdor"]
[Black "Tyomkin, Dimitri"]
[Result "1/2-1/2"]
[WhiteElo "2481"]
[BlackElo "2492"]
[PlyCount "62"]
[GameId "2129405138943520"]
[EventDate "2002.11.01"]
[EventType "tourn"]
[EventRounds "9"]
[EventCountry "ISR"]
[EventCategory "8"]
[SourceTitle "The Week in Chess 418"]
[Source "Mark Crowther"]
[SourceDate "2002.11.11"]
[SourceVersion "1"]
[SourceVersionDate "2002.11.11"]
[SourceQuality "2"]

1. d4 Nf6 2. c4 g6 3. f3 d5 4. cxd5 Nxd5 5. e4 Nb6 6. Nc3 Bg7 7. Be3 Nc6 8. d5 Ne5 9. Bd4 O-O 10. f4 Ng4 11. Bxg7 Kxg7 12. Be2 e5 13. Bxg4 Qh4+ 14. g3 Qxg4 15. fxe5 Qxd1+ 16. Nxd1 Re8 17. Nf3 Bg4 18. O-O Bxf3 19. Rxf3 Rxe5 20. Nf2 Rae8 21. Rc1 R8e7 22. Rfc3 Na8 23. Ra3 a6 24. Rb3 b6 25. Rd3 f5 26. exf5 Rxf5 27. d6 cxd6 28. Rxd6 Rf6 29. Rdc6 Rxc6 30. Rxc6 Rc7 31. Re6 Kf7 1/2-1/2

[Event "Last Autumn GM"]
[Site "Tel Aviv ISR"]
[Date "2002.11.10"]
[Round "7"]
[White "Kudischewitsch, David"]
[Black "Tyomkin, Dimitri"]
[Result "0-1"]
[WhiteElo "2384"]
[BlackElo "2492"]
[PlyCount "98"]
[GameId "2129405138943534"]
[EventDate "2002.11.01"]
[EventType "tourn"]
[EventRounds "9"]
[EventCountry "ISR"]
[EventCategory "8"]
[SourceTitle "The Week in Chess 419"]
[Source "Mark Crowther"]
[SourceDate "2002.11.18"]
[SourceVersion "1"]
[SourceVersionDate "2002.11.18"]
[SourceQuality "2"]

1. d4 Nf6 2. c4 g6 3. f3 d5 4. cxd5 Nxd5 5. e4 Nb6 6. a4 a5 7. Be3 Bg7 8. Na3 O-O 9. Rc1 c6 10. Nc4 N8d7 11. b3 Nxc4 12. bxc4 e5 13. d5 Bh6 14. Qd2 Bxe3 15. Qxe3 b6 16. Ne2 Nc5 17. Nc3 cxd5 18. cxd5 Bd7 19. Bb5 Bxb5 20. axb5 Qh4+ 21. Kd1 Rac8 22. Kc2 Qe7 23. Kb2 Qd6 24. Nb1 Rc7 25. Rc4 Rfc8 26. Na3 Nd3+ 27. Qxd3 Rxc4 28. Nxc4 Qb4+ 29. Qb3 Rxc4 30. Qxb4 Rxb4+ 31. Ka3 Rxb5 32. Rc1 Rb4 33. Rc8+ Kg7 34. Rc6 b5 35. Ra6 Ra4+ 36. Kb2 h5 37. h4 b4 38. Ra8 Ra3 39. f4 exf4 40. e5 Re3 41. d6 Rd3 42. Rxa5 f6 43. Ra7+ Kh6 44. Kc2 Rd4 45. exf6 Rxd6 46. f7 Kg7 47. Rb7 Rd4 48. Kb3 f3 49. gxf3 Rxh4 0-1

[Event "Cullera op"]
[Site "Valencia ESP"]
[Date "2002.07.18"]
[Round "1"]
[White "Arance Gonzalez, Luis"]
[Black "Tyomkin, Dimitri"]
[Result "0-1"]
[WhiteElo "1923"]
[BlackElo "2482"]
[PlyCount "86"]
[GameId "2129405141845068"]
[EventDate "2002.07.18"]
[EventType "swiss"]
[EventRounds "9"]
[EventCountry "ESP"]
[SourceTitle "CBM 89 ext"]
[Source "ChessBase"]
[SourceDate "2002.09.10"]
[SourceVersion "2"]
[SourceVersionDate "2002.09.20"]
[SourceQuality "1"]

1. e4 c5 2. Nf3 Nc6 3. d3 g6 4. Nbd2 Bg7 5. g3 d6 6. Bg2 Nf6 7. O-O O-O 8. c3 e5 9. Nc4 Re8 10. Bg5 h6 11. Bxf6 Bxf6 12. Qd2 Bg7 13. Ne3 Be6 14. a3 Qd7 15. Nh4 Bf6 16. Nf3 h5 17. h4 Ne7 18. c4 Nc6 19. b4 Nd4 20. Nxd4 cxd4 21. Nd5 Bg7 22. a4 Kh7 23. Kh2 Rac8 24. f4 Bxd5 25. cxd5 Rc3 26. Bh3 Qc7 27. Rac1 Bh6 28. Rxc3 dxc3 29. Qc2 exf4 30. gxf4 Bg7 31. Kg3 Qb6 32. b5 Re7 33. Re1 Qd4 34. Bg2 Rc7 35. Bf3 a6 36. bxa6 bxa6 37. Bd1 Qc5 38. Kf3 Bf6 39. Rh1 Bd4 40. Re1 Rb7 41. Qe2 Rb2 42. Bc2 Qc8 43. Kg3 Rxc2 0-1